[Event "Bul-ch (w)"]
[Site "Plovdiv"]
[Date "2008.03.18"]
[Round "4.5"]
[White "Videnova, Iva"]
[Black "Voiska, Margarita"]
[Result "1-0"]
[WhiteElo "2188"]
[BlackElo "2333"]
[PlyCount "61"]
[EventDate "2008.03.15"]
[EventType "tourn"]
[EventRounds "11"]
[EventCountry "BUL"]
[EventCategory "5"]
[SourceDate "1999.11.16"]

1. e4 e5 2. Nf3 d6 3. Bc4 Be7 4. O-O Nf6 5. Nc3 O-O 6. d4 exd4 7. Nxd4 Re8 8.
f4 Bf8 9. Nf3 Nc6 10. Ng5 Re7 (10... Be6 $143 $2 11. Nxe6 fxe6 12. f5 (12. Be3
$16) 12... d5 13. exd5 Na5 14. Bb5 $16) 11. h3 Bd7 12. Re1 h6 13. Nxf7 Rxf7 14.
e5 dxe5 $2 (14... d5 $142 15. Nxd5 Nxd5 16. Bxd5 $44 Bc8 (16... Be8 17. Be3 $14
) (16... Bf5 17. g4 Bh7 18. f5 $14) 17. Bxf7+ Kxf7 18. Qf3 $16) 15. fxe5 Nh7
16. e6 Re7 17. exd7+ Kh8 18. Be6 g5 19. Nd5 Rg7 20. Bd2 Bc5+ 21. Kh1 Bd4 22.
Qh5 Nf8 23. Bf5 Rxd7 24. Qxh6+ Rh7 25. Bxh7 Nxh7 26. Qe6 Bxb2 27. Rab1 Bg7 28.
Rxb7 Nd4 29. Qf7 Qd6 30. Rxc7 Rg8 31. Ne7 1-0